[Event "SN-2011-0-00354"]
[Site "LSS email"]
[Date "2011.06.23"]
[Round "?"]
[White "Ozkan, Erdi"]
[Black "Bester, Kazimierz"]
[Result "0-1"]
[WhiteElo "597"]
[BlackElo "769"]
[PlyCount "30"]
[EventDate "2011.06.14"]
[EventType "tourn (corr)"]
[EventRounds "6"]
[EventCountry "GER"]
[SourceTitle "Corr 2015"]
[Source "ChessBase"]
[SourceDate "2015.07.17"]
[SourceVersion "1"]
[SourceVersionDate "2015.07.17"]
[SourceQuality "1"]

1. e4 d5 2. d4 dxe4 3. Nc3 Bf5 4. f3 exf3 5. Nxf3 Bg4 6. Bf4 Nf6 7. Nb5 Nd5 8. Bc4 Nxf4 9. Qd2 Ne6 10. d5 Nc5 11. Qf4 Nba6 12. d6 cxd6 13. Qxg4 e6 14. 0-0 d5 15. Bb3 Qb6 0-1

[Event "LSS OP-2008-0-00527"]
[Site "LSS email"]
[Date "2008.04.23"]
[Round "?"]
[White "Ozkan, Erdi"]
[Black "Anguis Moreno, Miguel Angel"]
[Result "0-1"]
[WhiteElo "667"]
[BlackElo "1000"]
[PlyCount "36"]
[EventDate "2008.04.21"]
[EventType "tourn (corr)"]
[EventRounds "4"]
[EventCountry "GER"]
[SourceTitle "Corr 2011"]
[Source "ChessBase"]
[SourceDate "2010.08.31"]
[SourceVersion "1"]
[SourceVersionDate "2010.08.31"]
[SourceQuality "1"]

1. d4 Nf6 2. Nc3 d5 3. Nf3 Bf5 4. e3 e6 5. Ng5 Bb4 6. Bd2 Nbd7 7. e4 dxe4 8. Ngxe4 Nxe4 9. Bb5 Nxd2 10. Qxd2 c6 11. a3 Bxc3 12. Qxc3 cxb5 13. d5 Qf6 14. Qe3 Qe5 15. Qxe5 Nxe5 16. dxe6 Bxe6 17. 0-0 0-0 18. c3 Rad8 0-1

[Event "LSS OP-2008-0-00527"]
[Site "LSS email"]
[Date "2008.04.23"]
[Round "?"]
[White "Zanatta, Federico"]
[Black "Ozkan, Erdi"]
[Result "1-0"]
[WhiteElo "983"]
[BlackElo "667"]
[PlyCount "47"]
[EventDate "2008.04.21"]
[EventType "tourn (corr)"]
[EventRounds "4"]
[EventCountry "GER"]
[SourceTitle "Corr 2011"]
[Source "ChessBase"]
[SourceDate "2010.08.31"]
[SourceVersion "1"]
[SourceVersionDate "2010.08.31"]
[SourceQuality "1"]

1. e4 e5 2. Nf3 Nc6 3. Bc4 d6 4. 0-0 Nf6 5. Ng5 Qd7 6. Nxf7 Rg8 7. Ng5 d5 8. exd5 Nd4 9. c3 Nf5 10. d6 Rh8 11. Bf7+ Kd8 12. Be6 Qc6 13. Nf7+ Ke8 14. Bxc8 Nh4 15. f3 Rg8 16. d7+ Nxd7 17. Bxd7+ Qxd7 18. Nxe5 Qe6 19. d4 c6 20. Bg5 Qg6 21. Nxg6 Nxg6 22. Qb3 Ne7 23. Bxe7 g6 24. Qxg8 1-0

[Event "IECG OP.2006.0.00133"]
[Site "IECG email"]
[Date "2006.08.28"]
[Round "?"]
[White "Ozkan, Erdi"]
[Black "Schmidt, Thomas"]
[Result "0-1"]
[WhiteElo "800"]
[BlackElo "800"]
[PlyCount "62"]
[EventDate "2006.08.28"]
[EventType "tourn (corr)"]
[EventRounds "6"]
[SourceTitle "Corr 2008"]
[Source "ChessBase"]
[SourceDate "2008.06.24"]
[SourceVersion "1"]
[SourceVersionDate "2008.06.24"]
[SourceQuality "1"]

1. e4 e5 2. Nf3 Nc6 3. Bb5 d6 4. d4 exd4 5. Nxd4 Bd7 6. Nxc6 Bxc6 7. Bc4 Bxe4 8. Nc3 Nf6 9. Nxe4 Nxe4 10. Qf3 Nf6 11. Qxb7 d5 12. Bb5+ Nd7 13. 0-0 Rb8 14. Qxd5 Be7 15. Bc4 0-0 16. b3 Bf6 17. Ba3 Bxa1 18. Rxa1 c5 19. Bd3 Qf6 20. Re1 Qc3 21. Qe4 Nf6 22. Qe2 Rbe8 23. Bxh7+ Kh8 24. Kf1 Rxe2 25. Rxe2 Nxh7 26. Re3 Qxc2 27. Bxc5 Qxc5 28. h3 Rd8 29. f4 Qxe3 30. g3 Rd1+ 31. Kg2 Qe2# 0-1

[Event "LSS OP-2006-0-00124"]
[Site "LSS email"]
[Date "2006.08.23"]
[Round "?"]
[White "Ozkan, Erdi"]
[Black "Parry, Andrew"]
[Result "0-1"]
[WhiteElo "630"]
[BlackElo "1673"]
[PlyCount "30"]
[EventDate "2006.08.23"]
[EventType "tourn (corr)"]
[EventRounds "4"]
[EventCountry "GER"]
[SourceTitle "Corr 2015"]
[Source "ChessBase"]
[SourceDate "2015.07.17"]
[SourceVersion "1"]
[SourceVersionDate "2015.07.17"]
[SourceQuality "1"]

1. e4 e6 2. d3 d5 3. Nd2 Nf6 4. Ngf3 b6 5. c3 Be7 6. Qe2 c5 7. h3 Nc6 8. e5 Nd7 9. d4 cxd4 10. cxd4 Nb4 11. Qd1 Qc7 12. Ke2 Nc2 13. Rb1 Ba6+ 14. Nc4 Qxc4+ 15. Qd3 Qxd3# 0-1